[Event "MCRW_KT61"]
[Site "?"]
[Date "2009.??.??"]
[Round "?"]
[White "Jezek, Otakar"]
[Black "Wiener, Richard"]
[Result "0-1"]
[WhiteElo "1886"]
[BlackElo "2006"]
[PlyCount "128"]
[EventDate "2009.??.??"]
[EventType "corr"]

1. Nf3 Nf6 2. d4 d5 3. e3 g6 4. Bd3 Bg7 5. O-O O-O 6. c4 dxc4 7. Bxc4 Nbd7 8.
Nc3 c5 9. Qb3 cxd4 10. exd4 Nb6 11. Re1 Nxc4 12. Qxc4 Bg4 13. Ne5 Be6 14. Qb5
Rb8 15. Bg5 Qd6 16. Rad1 a6 17. Qe2 Rfe8 18. Qf3 Qb4 19. Nd3 Qb6 20. Bxf6 exf6
21. d5 Bf5 22. Ne4 Rbd8 23. b4 Qb5 24. Ng3 Rxe1+ 25. Nxe1 Bd7 26. a3 Qc4 27.
Nf1 Ba4 28. Rd2 f5 29. Qe2 Qxe2 30. Rxe2 Kf8 31. h3 Rxd5 32. Ne3 Rd8 33. Nf3
Rd3 34. Nc4 Rc3 35. Nb6 Rxa3 36. Ne5 Bxe5 37. Rxe5 Bc6 38. Rc5 Rb3 39. Rc4 Rb1+
40. Kh2 Rb2 41. Kg3 g5 42. h4 f6 43. hxg5 fxg5 44. f3 Kf7 45. Kh3 Ke6 46. Na8
h5 47. Nc7+ Kd6 48. Na8 g4+ 49. Kg3 b5 50. Rd4+ Ke5 51. Rd8 f4+ 52. Kh4 Rxg2
53. fxg4 hxg4 54. Nb6 f3 55. Rf8 g3 56. Nd7+ Bxd7 57. Rxf3 Bc6 58. Rf1 Rf2 59.
Rd1 g2 60. Re1+ Kf4 61. Kh5 Rf1 62. Rxf1+ gxf1=Q 63. Kg6 Ke5 64. Kg7 Qf6+ 0-1

[Event "MCRW_KT61"]
[Site "?"]
[Date "2009.??.??"]
[Round "?"]
[White "Jezek, Otakar"]
[Black "Kulhánek, Jirí"]
[Result "1-0"]
[WhiteElo "1886"]
[BlackElo "1600"]
[PlyCount "41"]
[EventDate "2009.??.??"]
[EventType "corr"]

1. g3 d5 2. Nf3 Nf6 3. Bg2 c6 4. O-O Bf5 5. d3 e6 6. Nbd2 Nbd7 7. Re1 Qc7 8. e4
dxe4 9. dxe4 Bg4 10. h3 Bh5 11. Qe2 Be7 12. e5 Nd5 13. a3 O-O 14. b3 Rad8 15.
Bb2 Nc5 16. Ne4 Nxe4 17. Qxe4 Nb6 18. Rad1 Rxd1 19. Rxd1 Rd8 20. Rxd8+ Qxd8 21.
Qd4 {(W)} 1-0

[Event "MCRW_KT61"]
[Site "?"]
[Date "2009.??.??"]
[Round "?"]
[White "Jezek, Otakar"]
[Black "Chlubna, Josef"]
[Result "1-0"]
[WhiteElo "1886"]
[BlackElo "1601"]
[PlyCount "61"]
[EventDate "2009.??.??"]
[EventType "corr"]

1. Nc3 Nc6 2. e4 e5 3. Nf3 Nf6 4. d3 h6 5. Be3 Bb4 6. Qd2 d6 7. Be2 Be6 8. O-O
d5 9. exd5 Nxd5 10. a3 Be7 11. d4 exd4 12. Bxd4 Nxd4 13. Nxd4 Qd7 14. Nxe6 fxe6
15. Bh5+ Kd8 16. Rad1 c6 17. Qe1 Kc8 18. Bg4 Kc7 19. Bxe6 Qd6 20. Rxd5 Qxd5 21.
Bxd5 Rae8 22. Bf7 Rd8 23. Qxe7+ Kc8 24. Ne4 Rd7 25. Be6 Rhd8 26. Rd1 Kc7 27.
Rxd7+ Rxd7 28. Qxd7+ Kb6 29. Qd8+ Ka6 30. Bc4+ b5 31. Nc5# 1-0

[Event "MCRW_KT61"]
[Site "?"]
[Date "2009.??.??"]
[Round "?"]
[White "Jezek, Otakar"]
[Black "Kraus, Ondrej"]
[Result "1-0"]
[WhiteElo "1886"]
[BlackElo "1800"]
[PlyCount "27"]
[EventDate "2009.??.??"]
[EventType "corr"]

1. Nf3 d5 2. d4 Nf6 3. e3 e6 4. Bd3 Bd6 5. O-O O-O 6. Nc3 c6 7. Qe2 Nbd7 8. e4
e5 9. exd5 exd4 10. Ne4 Re8 11. dxc6 bxc6 12. Bg5 Bb7 13. Rae1 c5 14. Bxf6 {
(ETL)} 1-0

[Event "MCRW_KT61"]
[Site "?"]
[Date "2009.??.??"]
[Round "?"]
[White "Jezek, Otakar"]
[Black "Kelbl, Jirí"]
[Result "1/2-1/2"]
[WhiteElo "1886"]
[BlackElo "1783"]
[PlyCount "132"]
[EventDate "2009.??.??"]
[EventType "corr"]

1. d4 d5 2. Nf3 Nf6 3. e3 e6 4. Bd3 c5 5. O-O Nc6 6. dxc5 Bxc5 7. Nc3 O-O 8. e4
d4 9. Ne2 e5 10. c3 dxc3 11. Nxc3 Be6 12. Bg5 h6 13. Bh4 Rc8 14. Rc1 Nb4 15.
Bb1 Qxd1 16. Rfxd1 Bg4 17. a3 Nc6 18. Bxf6 gxf6 19. Nd5 Bxf3 20. gxf3 Nd4 21.
Kh1 Kg7 22. b4 Bb6 23. f4 Rxc1 24. Rxc1 Ne2 25. Rd1 Nxf4 26. Nxf4 exf4 27. Kg2
Rc8 28. Rd7 Rc3 29. a4 f3+ 30. Kg3 Rc7 31. Rd5 Rc4 32. Rb5 Rc1 33. Bd3 Rc3 34.
Rd5 Rb3 35. b5 Rb2 36. Rd7 Rxf2 37. a5 Bc5 38. h3 Rd2 39. Kxf3 b6 40. a6 Kf8
41. Rd5 Ke7 42. Bc4 Rc2 43. Be2 Rc3+ 44. Rd3 Rxd3+ 45. Bxd3 Ke6 46. Bc4+ Ke7
47. Kf4 Bd4 48. h4 Bf2 49. h5 Bd4 50. Kf5 Bc3 51. Bd5 Bd4 52. Bb3 Bc3 53. Bc4
Bd4 54. Bd5 Bc3 55. Ba2 Bd4 56. Kf4 Bc3 57. Kg4 Be5 58. Bd5 Bd4 59. Bb3 Be5 60.
Bc4 Bd4 61. Kf3 Be5 62. Bd5 Bd4 63. Kg3 Bc3 64. Bb3 Bd4 65. Kf4 Bc3 66. Ke3 Be5
1/2-1/2

[Event "MCRW_KT61"]
[Site "?"]
[Date "2009.??.??"]
[Round "?"]
[White "Wiener, Richard"]
[Black "Kulhánek, Jirí"]
[Result "1-0"]
[WhiteElo "2006"]
[BlackElo "1600"]
[PlyCount "45"]
[EventDate "2009.??.??"]
[EventType "corr"]

1. e4 e6 2. Qe2 c5 3. Nf3 Nc6 4. g3 g6 5. Bg2 Bg7 6. O-O Nge7 7. c3 O-O 8. Na3
d5 9. d3 b6 10. e5 Ba6 11. Re1 h6 12. Nc2 Rc8 13. Qd1 d4 14. cxd4 Nxd4 15.
Ncxd4 cxd4 16. b3 Nf5 17. Bb2 h5 18. Rc1 Qd7 19. Qe2 Bb7 20. Nd2 Bxg2 21. Kxg2
Bh6 22. f4 Qd5+ 23. Ne4 {(W)} 1-0

[Event "MCRW_KT61"]
[Site "?"]
[Date "2009.??.??"]
[Round "?"]
[White "Wiener, Richard"]
[Black "Chlubna, Josef"]
[Result "1-0"]
[WhiteElo "2006"]
[BlackElo "1601"]
[PlyCount "47"]
[EventDate "2009.??.??"]
[EventType "corr"]

1. e4 e5 2. Nf3 Nc6 3. Bb5 Bd6 4. O-O Qf6 5. c3 Bc5 6. d4 exd4 7. e5 Qf5 8.
cxd4 Bb6 9. Nc3 Nge7 10. Nh4 Qe6 11. d5 Nxd5 12. Nxd5 Nxe5 13. Be3 Qd6 14. Bxb6
axb6 15. Nf5 Qc5 16. Re1 f6 17. b4 Qf8 18. Rxe5+ Kf7 19. Bc4 fxe5 20. Qh5+ g6
21. Qg5 h6 22. Nxc7+ d5 23. Bxd5+ Be6 24. Bxe6# 1-0

[Event "MCRW_KT61"]
[Site "?"]
[Date "2009.??.??"]
[Round "?"]
[White "Wiener, Richard"]
[Black "Kraus, Ondrej"]
[Result "1-0"]
[WhiteElo "2006"]
[BlackElo "1800"]
[PlyCount "25"]
[EventDate "2009.??.??"]
[EventType "corr"]

1. e4 c6 2. d4 d5 3. exd5 cxd5 4. c3 Nc6 5. Nf3 Nf6 6. Bf4 Bg4 7. Qb3 Na5 8.
Bb5+ Bd7 9. Qa4 Nc4 10. b3 Nb6 11. Bxd7+ Qxd7 12. Qxd7+ Nbxd7 13. O-O {(ETL)}
1-0

[Event "MCRW_KT61"]
[Site "?"]
[Date "2009.??.??"]
[Round "?"]
[White "Wiener, Richard"]
[Black "Kelbl, Jirí"]
[Result "1/2-1/2"]
[WhiteElo "2006"]
[BlackElo "1783"]
[PlyCount "58"]
[EventDate "2009.??.??"]
[EventType "corr"]

1. e4 e5 2. Nf3 Nf6 3. Nxe5 d6 4. Nf3 Nxe4 5. Nc3 Nxc3 6. dxc3 Be7 7. Bd3 O-O
8. O-O Nc6 9. h3 Be6 10. Re1 Re8 11. Nd4 Nxd4 12. cxd4 Bf6 13. c3 g6 14. Qf3 c6
15. Bf4 Bg5 16. Bh2 Qb6 17. Qg3 Be7 18. b3 Qa5 19. Bc2 Rad8 20. a4 Qh5 21. Qe3
Bg5 22. Bf4 Bd7 23. Qd2 Bxf4 24. Qxf4 Rxe1+ 25. Rxe1 Be6 26. Re3 Qa5 27. h4 Qh5
28. Qg5 Qxg5 29. hxg5 Kf8 1/2-1/2

[Event "MCRW_KT61"]
[Site "?"]
[Date "2009.??.??"]
[Round "?"]
[White "Kulhánek, Jirí"]
[Black "Jezek, Otakar"]
[Result "0-1"]
[WhiteElo "1600"]
[BlackElo "1886"]
[PlyCount "40"]
[EventDate "2009.??.??"]
[EventType "corr"]

1. Nf3 Nf6 2. d4 d5 3. c4 dxc4 4. g3 Nc6 5. Qa4 e6 6. Bg2 Bb4+ 7. Bd2 Nd5 8.
Bxb4 Ndxb4 9. Nc3 Bd7 10. O-O a5 11. Qb5 Nxd4 12. Qxc4 Nxf3+ 13. Bxf3 c6 14.
Rad1 O-O 15. e4 e5 16. Bg4 Bxg4 17. Rxd8 Rfxd8 18. f3 Be6 19. Qc5 Nd3 20. Qb6
Rd7 {(W)} 0-1

[Event "MCRW_KT61"]
[Site "?"]
[Date "2009.??.??"]
[Round "?"]
[White "Kulhánek, Jirí"]
[Black "Wiener, Richard"]
[Result "0-1"]
[WhiteElo "1600"]
[BlackElo "2006"]
[PlyCount "46"]
[EventDate "2009.??.??"]
[EventType "corr"]

1. d4 d5 2. Nf3 Nf6 3. g3 g6 4. Bg2 Bg7 5. c4 O-O 6. cxd5 Nxd5 7. O-O Nc6 8.
Nc3 e5 9. Nxe5 Nxc3 10. Nxc6 Nxd1 11. Nxd8 Rxd8 12. Rxd1 Rxd4 13. Be3 Rxd1+ 14.
Rxd1 Bf6 15. Bd4 Bxd4 16. Rxd4 Be6 17. Ra4 c6 18. Bf3 a6 19. Rb4 Ra7 20. a3 a5
21. Rd4 Ra6 22. Rd2 Rb6 23. e4 Kf8 {(W)} 0-1

[Event "MCRW_KT61"]
[Site "?"]
[Date "2009.??.??"]
[Round "?"]
[White "Kulhánek, Jirí"]
[Black "Chlubna, Josef"]
[Result "0-1"]
[WhiteElo "1600"]
[BlackElo "1601"]
[PlyCount "40"]
[EventDate "2009.??.??"]
[EventType "corr"]

1. d4 d5 2. Nf3 Nf6 3. g3 h6 4. Bg2 e6 5. c4 b6 6. Nc3 Bb4 7. Qa4+ Nc6 8. Qxc6+
Bd7 9. Qb7 a6 10. Bf4 Qc8 11. Qxc7 Qxc7 12. Bxc7 Rc8 13. Bxb6 Bxc3+ 14. bxc3
Rxc4 15. Ba5 Ne4 16. Nd2 Nxd2 17. Kxd2 O-O 18. Bb4 Rb8 19. Rhb1 Rcc8 20. Bd6
Ra8 {(W)} 0-1

[Event "MCRW_KT61"]
[Site "?"]
[Date "2009.??.??"]
[Round "?"]
[White "Kulhánek, Jirí"]
[Black "Kraus, Ondrej"]
[Result "1-0"]
[WhiteElo "1600"]
[BlackElo "1800"]
[PlyCount "23"]
[EventDate "2009.??.??"]
[EventType "corr"]

1. e4 c6 2. Nc3 d5 3. Nf3 dxe4 4. Nxe4 Nd7 5. Bc4 Ngf6 6. Neg5 e6 7. Qe2 Nb6 8.
Ne5 Nxc4 9. Qxc4 Qd5 10. Qxd5 exd5 11. Nexf7 Rg8 12. O-O {(ETL)} 1-0

[Event "MCRW_KT61"]
[Site "?"]
[Date "2009.??.??"]
[Round "?"]
[White "Kulhánek, Jirí"]
[Black "Kelbl, Jirí"]
[Result "0-1"]
[WhiteElo "1600"]
[BlackElo "1783"]
[PlyCount "46"]
[EventDate "2009.??.??"]
[EventType "corr"]

1. d4 d5 2. Nf3 Nc6 3. g3 Nf6 4. Bg2 g6 5. O-O Bg7 6. c4 O-O 7. cxd5 Nxd5 8.
Re1 Nb6 9. e3 Re8 10. Nc3 Bg4 11. h3 Bc8 12. Qe2 e5 13. dxe5 Nxe5 14. Rd1 Nxf3+
15. Bxf3 Qe7 16. h4 c6 17. e4 Be6 18. Bg5 Qc7 19. Rac1 Nc4 20. b3 h6 21. Bf4
Ne5 22. Qe3 Nxf3+ 23. Qxf3 Qa5 {(W)} 0-1

[Event "MCRW_KT61"]
[Site "?"]
[Date "2009.??.??"]
[Round "?"]
[White "Chlubna, Josef"]
[Black "Jezek, Otakar"]
[Result "0-1"]
[WhiteElo "1601"]
[BlackElo "1886"]
[PlyCount "86"]
[EventDate "2009.??.??"]
[EventType "corr"]

1. e4 e5 2. Nf3 Nf6 3. d3 Nc6 4. Nc3 Bb4 5. Bd2 d5 6. a3 Bxc3 7. Bxc3 Qd6 8.
Qe2 Bg4 9. h3 Bxf3 10. Qxf3 dxe4 11. dxe4 Nd4 12. Qd3 O-O-O 13. Be2 Qc6 14. O-O
Nb3 15. cxb3 Rxd3 16. Bxd3 Nxe4 17. Rac1 Nxc3 18. Rxc3 Qd6 19. Rfc1 g6 20. b4
f5 21. b5 e4 22. Be2 Rd8 23. g3 Rd7 24. b4 h6 25. Kg2 f4 26. Bg4 Kb8 27. Bxd7
Qxd7 28. Rc4 fxg3 29. Kxg3 Qd3+ 30. Kg2 Qf3+ 31. Kf1 e3 32. R1c2 Qd1+ 33. Kg2
e2 34. Rxc7 e1=N+ 35. Kh2 Nxc2 36. Rf7 Qf1 37. Kg3 Ne1 38. a4 Qg1+ 39. Kf4
Qxf2+ 40. Ke5 Qxf7 41. Kd6 Nd3 42. a5 Kc8 43. a6 Qd7# 0-1

[Event "MCRW_KT61"]
[Site "?"]
[Date "2009.??.??"]
[Round "?"]
[White "Chlubna, Josef"]
[Black "Wiener, Richard"]
[Result "0-1"]
[WhiteElo "1601"]
[BlackElo "2006"]
[PlyCount "78"]
[EventDate "2009.??.??"]
[EventType "corr"]

1. d4 d5 2. Nf3 Nf6 3. g3 g6 4. Bg2 Bg7 5. Bf4 O-O 6. Nc3 Nbd7 7. O-O c6 8. b4
Nb6 9. Nd2 Nh5 10. e3 f6 11. g4 Nxf4 12. exf4 Qd6 13. a3 Qxf4 14. h3 Qxd4 15.
Ne2 Qe5 16. Nf3 Qc7 17. Re1 Nc4 18. Qc1 e5 19. Nd2 Bh6 20. f4 Nxd2 21. Qxd2
exf4 22. Nd4 f5 23. Qe2 fxg4 24. Ne6 Bxe6 25. Qxe6+ Qf7 26. Qxg4 f3 27. Rf1
Be3+ 28. Kh2 Qc7+ 29. Kh1 fxg2+ 30. Qxg2 Qe5 31. Rae1 Qg5 32. Rxf8+ Rxf8 33.
Kh2 Rf2 34. Rg1 Rxg2+ 35. Rxg2 Qf4+ 36. Rg3 Bf2 37. Kg2 Bxg3 38. c3 Qf2+ 39.
Kh1 Qh2# 0-1

[Event "MCRW_KT61"]
[Site "?"]
[Date "2009.??.??"]
[Round "?"]
[White "Chlubna, Josef"]
[Black "Kulhánek, Jirí"]
[Result "1-0"]
[WhiteElo "1601"]
[BlackElo "1600"]
[PlyCount "35"]
[EventDate "2009.??.??"]
[EventType "corr"]

1. e4 e5 2. Nf3 Nc6 3. Bb5 a6 4. Ba4 Nf6 5. d3 d6 6. Bg5 Be7 7. Nc3 O-O 8. h3
Nd4 9. O-O h6 10. Be3 c5 11. Nd5 Nxd5 12. exd5 b5 13. Bb3 a5 14. c3 Nxb3 15.
axb3 f5 16. b4 cxb4 17. cxb4 a4 18. Nd2 {(W)} 1-0

[Event "MCRW_KT61"]
[Site "?"]
[Date "2009.??.??"]
[Round "?"]
[White "Chlubna, Josef"]
[Black "Kraus, Ondrej"]
[Result "1-0"]
[WhiteElo "1601"]
[BlackElo "1800"]
[PlyCount "21"]
[EventDate "2009.??.??"]
[EventType "corr"]

1. e4 c6 2. d4 d5 3. exd5 cxd5 4. Qe2 Nc6 5. Nc3 Nxd4 6. Qd2 e5 7. Nf3 Nxf3+ 8.
gxf3 d4 9. Nb5 a6 10. Na3 Be6 11. Bd3 {(ETL)} 1-0

[Event "MCRW_KT61"]
[Site "?"]
[Date "2009.??.??"]
[Round "?"]
[White "Chlubna, Josef"]
[Black "Kelbl, Jirí"]
[Result "0-1"]
[WhiteElo "1601"]
[BlackElo "1783"]
[PlyCount "78"]
[EventDate "2009.??.??"]
[EventType "corr"]

1. d4 d5 2. c4 dxc4 3. Qa4+ Nc6 4. e3 e5 5. d5 Bb4+ 6. Bd2 Bxd2+ 7. Nxd2 Qxd5
8. Nxc4 b5 9. Rd1 Qxc4 10. Qxc4 bxc4 11. Bxc4 Rb8 12. b3 Nf6 13. f3 O-O 14. h3
Na5 15. Rc1 Nxc4 16. bxc4 Be6 17. Kf2 Rb2+ 18. Ne2 Rxa2 19. Rhd1 a5 20. Ke1 a4
21. Kf1 h6 22. Nc3 Bxc4+ 23. Kg1 Ra3 24. Ra1 Rxc3 25. Kf2 Bb3 26. Rd2 Rc2 27.
Ke1 Rxd2 28. Kxd2 c5 29. Kd3 c4+ 30. Ke2 c3 31. Rc1 c2 32. g4 Rd8 33. h4 Rd1
34. Rxd1 cxd1=Q+ 35. Kf2 a3 36. Kg3 a2 37. h5 a1=Q 38. Kh4 Qh1+ 39. Kg3 Qag1#
0-1

[Event "MCRW_KT61"]
[Site "?"]
[Date "2009.??.??"]
[Round "?"]
[White "Kraus, Ondrej"]
[Black "Jezek, Otakar"]
[Result "0-1"]
[WhiteElo "1800"]
[BlackElo "1886"]
[PlyCount "20"]
[EventDate "2009.??.??"]
[EventType "corr"]

1. d4 Nf6 2. c4 e6 3. Nf3 d5 4. Nc3 dxc4 5. e4 Bb4 6. Bg5 h6 7. Bxf6 Qxf6 8.
Bxc4 O-O 9. O-O Nc6 10. Qb3 Be7 {(ETL)} 0-1

[Event "MCRW_KT61"]
[Site "?"]
[Date "2009.??.??"]
[Round "?"]
[White "Kraus, Ondrej"]
[Black "Wiener, Richard"]
[Result "0-1"]
[WhiteElo "1800"]
[BlackElo "2006"]
[PlyCount "20"]
[EventDate "2009.??.??"]
[EventType "corr"]

1. d4 d5 2. c4 dxc4 3. Nc3 a6 4. e3 Nf6 5. Bxc4 e6 6. Nf3 Bb4 7. O-O O-O 8. Qc2
Nc6 9. Rd1 h6 10. a3 Bxc3 {(ETL)} 0-1

[Event "MCRW_KT61"]
[Site "?"]
[Date "2009.??.??"]
[Round "?"]
[White "Kraus, Ondrej"]
[Black "Chlubna, Josef"]
[Result "0-1"]
[WhiteElo "1800"]
[BlackElo "1601"]
[PlyCount "20"]
[EventDate "2009.??.??"]
[EventType "corr"]

1. c4 c6 2. Nc3 e6 3. d4 Bb4 4. g3 Nf6 5. Bg2 d6 6. Qb3 Qb6 7. Nf3 Bd7 8. O-O
Bxc3 9. Qxc3 h6 10. Bf4 d5 {(ETL)} 0-1

[Event "MCRW_KT61"]
[Site "?"]
[Date "2009.??.??"]
[Round "?"]
[White "Kraus, Ondrej"]
[Black "Kelbl, Jirí"]
[Result "0-1"]
[WhiteElo "1800"]
[BlackElo "1783"]
[PlyCount "22"]
[EventDate "2009.??.??"]
[EventType "corr"]

1. c4 c5 2. Nc3 Nc6 3. g3 g6 4. Bg2 Bg7 5. Nf3 e5 6. O-O Nge7 7. d3 O-O 8. e3
d6 9. a3 h6 10. Nd2 Be6 11. Nd5 Rb8 {(ETL)} 0-1

[Event "MCRW_KT61"]
[Site "?"]
[Date "2009.??.??"]
[Round "?"]
[White "Kelbl, Jirí"]
[Black "Jezek, Otakar"]
[Result "1-0"]
[WhiteElo "1783"]
[BlackElo "1886"]
[PlyCount "129"]
[EventDate "2009.??.??"]
[EventType "corr"]

1. e4 d6 2. d4 e5 3. Nf3 exd4 4. Nxd4 Nf6 5. Nc3 Be7 6. Bf4 O-O 7. Qd2 Bd7 8.
O-O-O a5 9. Be2 Nc6 10. Nxc6 Bxc6 11. f3 a4 12. a3 Qd7 13. g4 b5 14. h4 b4 15.
axb4 a3 16. bxa3 Rxa3 17. Kb2 Ra7 18. Ra1 Rb7 19. b5 Bxb5 20. Nxb5 Rxb5+ 21.
Bxb5 Qxb5+ 22. Kc1 Rb8 23. Qd3 Qc6 24. Kd2 d5 25. e5 Nd7 26. Rhb1 Rxb1 27. Rxb1
Qa8 28. Qb5 Nf8 29. Bg5 c6 30. Qb6 Bxg5+ 31. hxg5 Qa4 32. Rb4 Qa3 33. f4 Qf3
34. Qxc6 Qf2+ 35. Kc3 Qe1+ 36. Kb3 Qb1+ 37. Ka4 Qa1+ 38. Kb5 Qd1 39. c3 Qd2 40.
Kb6 Qa2 41. Kc7 Qa5+ 42. Kb8 Qd8+ 43. Qc8 Qe7 44. Rb7 Qe6 45. Qxe6 Nxe6 46. Rb4
g6 47. Kc8 Nc5 48. f5 gxf5 49. gxf5 Kg7 50. Rb5 Ne4 51. Kd7 Nxg5 52. e6 fxe6
53. fxe6 Ne4 54. e7 Nf6+ 55. Ke6 Ne8 56. Rb8 Nc7+ 57. Kd7 d4 58. Kxc7 dxc3 59.
e8=Q c2 60. Qc6 c1=R 61. Qxc1 h6 62. Re8 Kg6 63. Qc6+ Kg5 64. Re5+ Kg4 65. Qc4+
1-0

[Event "MCRW_KT61"]
[Site "?"]
[Date "2009.??.??"]
[Round "?"]
[White "Kelbl, Jirí"]
[Black "Wiener, Richard"]
[Result "1/2-1/2"]
[WhiteElo "1783"]
[BlackElo "2006"]
[PlyCount "80"]
[EventDate "2009.??.??"]
[EventType "corr"]

1. e4 e5 2. Nf3 Nc6 3. Bb5 a6 4. Ba4 Nf6 5. O-O Nxe4 6. d4 b5 7. Bb3 d5 8. dxe5
Be6 9. c3 Bc5 10. Nbd2 O-O 11. Bc2 Bf5 12. Nb3 Nxf2 13. Rxf2 Bxf2+ 14. Kxf2
Bxc2 15. Qxc2 f6 16. e6 Qd6 17. Be3 Qxe6 18. Nbd4 Qd7 19. Nxc6 Qxc6 20. Nd4 Qd7
21. Kg1 Rfe8 22. Bf2 a5 23. Qb3 c6 24. a4 Rab8 25. Rb1 b4 26. Qc2 Re4 27. Rd1
c5 28. Nb5 Rbe8 29. cxb4 cxb4 30. Rd2 R4e5 31. Qd1 f5 32. b3 f4 33. Nd4 h6 34.
Nf3 Rf5 35. Bd4 Qe6 36. Rc2 Rc8 37. Rxc8+ Qxc8 38. Be5 Qc5+ 39. Bd4 Qc8 40. Be5
Qc5+ 1/2-1/2

[Event "MCRW_KT61"]
[Site "?"]
[Date "2009.??.??"]
[Round "?"]
[White "Kelbl, Jirí"]
[Black "Kulhánek, Jirí"]
[Result "1-0"]
[WhiteElo "1783"]
[BlackElo "1600"]
[PlyCount "43"]
[EventDate "2009.??.??"]
[EventType "corr"]

1. e4 e5 2. Nf3 Nc6 3. Bb5 a6 4. Ba4 Nf6 5. O-O Be7 6. Re1 b5 7. Bb3 O-O 8. c3
d6 9. h3 Nb8 10. d4 Nbd7 11. Nbd2 Bb7 12. Bc2 Re8 13. Nf1 Bf8 14. Ng3 g6 15. a4
c5 16. d5 c4 17. Bg5 h6 18. Be3 Qc7 19. Qd2 Kh7 20. Nh2 Nc5 21. Rf1 h5 22. Nf3
{(W)} 1-0

[Event "MCRW_KT61"]
[Site "?"]
[Date "2009.??.??"]
[Round "?"]
[White "Kelbl, Jirí"]
[Black "Chlubna, Josef"]
[Result "1-0"]
[WhiteElo "1783"]
[BlackElo "1601"]
[PlyCount "57"]
[EventDate "2009.??.??"]
[EventType "corr"]

1. e4 e5 2. Nf3 Nc6 3. Bb5 a6 4. Ba4 b5 5. Bb3 Bb7 6. O-O Be7 7. c3 Nf6 8. d4
exd4 9. e5 Ne4 10. Bd5 dxc3 11. Bxe4 cxb2 12. Bxb2 Rb8 13. Nc3 Nb4 14. a3 Nc6
15. Nd5 O-O 16. Qd2 h6 17. Nf6+ Bxf6 18. exf6 Re8 19. fxg7 Re6 20. Qd3 f6 21.
Bh7+ Kf7 22. Qg6+ Ke7 23. g8=Q Qxg8 24. Bxg8 Ne5 25. Nxe5 Rxe5 26. Bxe5 d6 27.
Qf7+ Kd8 28. Bxf6+ Kc8 29. Qe8# 1-0

[Event "MCRW_KT61"]
[Site "?"]
[Date "2009.??.??"]
[Round "?"]
[White "Kelbl, Jirí"]
[Black "Kraus, Ondrej"]
[Result "1-0"]
[WhiteElo "1783"]
[BlackElo "1800"]
[PlyCount "25"]
[EventDate "2009.??.??"]
[EventType "corr"]

1. e4 c6 2. d4 d5 3. Nc3 dxe4 4. Nxe4 Nd7 5. Ng5 Ngf6 6. Bd3 c5 7. N1f3 cxd4 8.
Nxd4 Qb6 9. Nb3 Ne5 10. Be3 Qd8 11. Bb5+ Bd7 12. Qe2 Qc7 13. O-O-O {(ETL)} 1-0